LEADER 01974nam 2200577 a 450 001 9910451919303321 005 20200520144314.0 010 $a0-292-79756-7 035 $a(CKB)1000000000453891 035 $a(OCoLC)60570075 035 $a(CaPaEBR)ebrary10217898 035 $a(SSID)ssj0000238772 035 $a(PQKBManifestationID)11176040 035 $a(PQKBTitleCode)TC0000238772 035 $a(PQKBWorkID)10234182 035 $a(PQKB)11652665 035 $a(MiAaPQ)EBC3443159 035 $a(Au-PeEL)EBL3443159 035 $a(CaPaEBR)ebr10217898 035 $a(EXLCZ)991000000000453891 100 $a20031204d2004 ub 0 101 0 $aeng 135 $aurcn||||||||| 181 $ctxt 182 $cc 183 $acr 200 14$aThe river has never divided us$b[electronic resource] $ea border history of La Junta de Los Rios /$fJefferson Morgenthaler 205 $a1st ed. 210 $aAustin $cUniversity of Texas Press$d2004 215 $a1 online resource (356 p.) 225 1 $aJack and Doris Smothers series in Texas history, life, and culture ;$vno. 13 300 $aBibliographic Level Mode of Issuance: Monograph 311 $a0-292-70166-7 320 $aIncludes bibliographical references and index. 410 0$aJack and Doris Smothers series in Texas history, life, and culture ;$vno. 13. 607 $aLa Junta de los Ri?os (Tex.)$xHistory 607 $aLa Junta de los Ri?os (Tex.)$xSocial conditions 607 $aLa Junta de los Ri?os (Tex.)$vBiography 607 $aMexican-American Border Region$xHistory 607 $aUnited States$xRelations$zMexico 607 $aMexico$xRelations$zUnited States 608 $aElectronic books. 676 $a972/.16 700 $aMorgenthaler$b George J$0862989 801 0$bMiAaPQ 801 1$bMiAaPQ 801 2$bMiAaPQ 906 $aBOOK 912 $a9910451919303321 996 $aThe river has never divided us$91926480 997 $aUNINA LEADER 03702nam 2200673Ia 450 001 9910955681603321 005 20200520144314.0 010 $a9780791496268 010 $a0791496260 035 $a(CKB)2670000000233955 035 $a(EBL)3408345 035 $a(SSID)ssj0000165125 035 $a(PQKBManifestationID)11153139 035 $a(PQKBTitleCode)TC0000165125 035 $a(PQKBWorkID)10125786 035 $a(PQKB)11547577 035 $a(MiAaPQ)EBC3408345 035 $a(DE-B1597)735879 035 $a(DE-B1597)9780791496268 035 $a(Perlego)2674649 035 $a(EXLCZ)992670000000233955 100 $a19960321d1997 ub 0 101 0 $aeng 135 $aur|n|---||||| 181 $ctxt 182 $cc 183 $acr 200 00$aGrasping land $espace and place in contemporary Israeli discourse and experience /$fedited by Eyal Ben-Ari and Yoram Bilu 210 $aAlbany, N.Y. $cState University of New York Press$dc1997 215 $a1 online resource (258 p.) 225 0 $aSUNY series in anthropology and Judaic studies 300 $aDescription based upon print version of record. 311 08$a9780791432174 311 08$a0791432173 320 $aIncludes bibliographical references and index. 327 $a""Front Matter""; ""Half Title Page""; ""Title Page""; ""Copyright Page""; ""Dedication Page""; ""Table of Contents""; ""EYAL BEN-ARI AND YORAM BILU""; ""Contents""; ""To Morocco and Back: Tourism and Pilgrimage among Moroccan-Born Israelis""; ""Gravesites and Memorials of Libyan Jews: Alternative Versions of the Sacralization of Space in Judaism""; ""Saints' Sanctuaries in Israeli Development Towns: On a Mechanism of Urban Transformation""; ""The Presence of Absence: The Memorialism of National Death in Israel""; ""Tiyul (Hike) as an Act of Consecration of Space"" 327 $a""Remaking Place: Cultural Production in Israeli Pioneer Settlement Museums""""In and Out of Territory""; ""The Double Site of Israel""; ""A Response from New York: Return of the Repressed?""; ""Epilogue (Three Years Later)""; ""Back Matter""; ""Contributors""; ""Index"" 330 $aExamines the discourses and experiences associated with space and place in contemporary Israel.This volume explores various processes associated with constructing what has variously been called "The Holy Land," "Eretz Israel," "Zion," Palestine," or "Israel." The contributors focus on ways the landscapes of Israel figure in creating and recreating the identity, presence, and history of groups living there. The book critiques the assumptions lying at the base of various spatial practices related to Zionism. It does this through both a theoretical examination and a focus on hitherto little explored phenomena such as pilgrimages of Israelis to their (or their relatives') native lands abroad, the establishment of Jewish saints' tombs in Israel, the design of Kibbutz museums, country hikes, and conceptions of territory in mixed (Jewish-Arab) communities. 410 0$aSUNY Series in Anthropology and Judaic Studies 606 $aNational characteristics, Israeli 606 $aJewish shrines$zIsrael 606 $aSacred space$zIsrael 606 $aLand use$zIsrael 606 $aZionism 615 0$aNational characteristics, Israeli. 615 0$aJewish shrines 615 0$aSacred space 615 0$aLand use 615 0$aZionism. 676 $a304.2/3/095694 701 $aBen-Ari$b Eyal$f1953-$0637737 701 $aBilu$b Yoram$0170194 801 0$bMiAaPQ 801 1$bMiAaPQ 801 2$bMiAaPQ 906 $aBOOK 912 $a9910955681603321 996 $aGrasping land$94344792 997 $aUNINA